Kemény Ferenc Gegenwart und Zukunft der körperlichen Erziehung : [könyvismertetés] /

Elmentve itt :
Bibliográfiai részletek
Szerző: Kovács Rezső
További közreműködők: Kemény Ferenc
Dokumentumtípus: Cikk
Megjelent: 1904
Sorozat:Magyar pedagógia : a Magyar Tudományos Akadémia Pedagógiai Bizottságának folyóirata 13
Kulcsszavak:Testnevelés könyvismertetés, Testi nevelés
Online Access:http://misc.bibl.u-szeged.hu/8010
LEADER 00759nab a2200193 i 4500
001 misc8010
005 20191106144015.0
008 170607s1904 hu o 0|| hun d
022 |a 0025-0260 
040 |a SZTE Miscellanea Repozitórium  |b hun 
041 |a hun 
100 1 |a Kovács Rezső 
245 1 0 |a Kemény Ferenc  |h [elektronikus dokumentum] :  |b Gegenwart und Zukunft der körperlichen Erziehung : [könyvismertetés] /  |c  Kovács Rezső 
260 |c 1904 
300 |a 565-569 
490 0 |a Magyar pedagógia : a Magyar Tudományos Akadémia Pedagógiai Bizottságának folyóirata  |v 13 
695 |a Testnevelés könyvismertetés, Testi nevelés 
700 0 1 |a Kemény Ferenc 
856 4 0 |u http://misc.bibl.u-szeged.hu/8010/1/mp_1904_0980_565-569.pdf  |z Dokumentum-elérés